Developing nations and the UNCTAD (Record no. 20223)
[ view plain ]
| 000 -LEADER | |
|---|---|
| fixed length control field | 00473nam a22001577a 4500 |
| 008 - FIXED-LENGTH DATA ELEMENTS--GENERAL INFORMATION | |
| fixed length control field | 230410b |||||||| |||| 00| 0 eng d |
| 040 ## - CATALOGING SOURCE | |
| Original cataloging agency | National Science Library |
| Transcribing agency | National Science Library |
| 080 ## - UNIVERSAL DECIMAL CLASSIFICATION NUMBER | |
| Universal Decimal Classification number | 341.16:38+330(082.2) |
| Item number | L3 |
| 100 ## - MAIN ENTRY--PERSONAL NAME | |
| Personal name | Bijli, Shah M |
| 9 (RLIN) | 6660 |
| 245 ## - TITLE STATEMENT | |
| Title | Developing nations and the UNCTAD |
| 260 ## - PUBLICATION, DISTRIBUTION, ETC. | |
| Place of publication, distribution, etc. | Aligrah: |
| Name of publisher, distributor, etc. | International Book Traders, |
| Date of publication, distribution, etc. | 1973 |
| 300 ## - PHYSICAL DESCRIPTION | |
| Extent | 71p. |
| 650 ## - SUBJECT ADDED ENTRY--TOPICAL TERM | |
| Topical term or geographic name entry element | Developing nations |
| 653 ## - INDEX TERM--UNCONTROLLED | |
| Uncontrolled term | Unctad |
| 942 ## - ADDED ENTRY ELEMENTS (KOHA) | |
| Source of classification or shelving scheme | Universal Decimal Classification |
| Koha item type | Books |
| Withdrawn status | Lost status | Source of classification or shelving scheme | Damaged status | Not for loan | Home library | Current library | Shelving location | Date acquired | Total Checkouts | Full call number | Barcode | Date last seen | Price effective from | Koha item type |
|---|---|---|---|---|---|---|---|---|---|---|---|---|---|---|
| Universal Decimal Classification | National Science Library | National Science Library | GF/Rk-5/C-10/R-2 | 14/03/1973 | 341.16:38+330(082.2) L3 | 43792 | 10/04/2023 | 10/04/2023 | Books |